000 00800nam a2200181 i 4500
001 103544
003 ES-MaACL
005 20251116063059.0
007 t|
008 060406s1887 sp ||||1| spa d
100 1 _aLema, Salvador Bermúdez de Castro y O'Lawlor,
_cMarqués de
_971444
245 1 3 _aEl sistema de los concordatos como el único posible de resolver el problema de las relaciones entre la Iglesia y el Estado; carácter y naturaleza de los mismos
_b: discurso que para obtener el grado de doctor en derecho leyó... /
_cSalvador Bermúdez de Castro y O'Lawlor, Marqués de Lema.
260 _aMadrid :
_b[s.n.],
_c1887 (
_fRicardo Fe)
300 _a54 p. ;
_c23 cm.
650 0 7 _aIglesia y Estado
_2embne
_913554
852 _aES-MaACL
_jT-463-F-8
999 _c103544
_d103544